000 00411nam a2200145 i 4500
001 102372
003 ES-MaACL
007 t|
008 051110s1918 sp ||||1| spa d
100 1 _aMendizábal, Rufo.
_980219
245 1 0 _aMonografía histórico-morfológica del verbo latino /
_cpor Rufo Mendizabal.
260 _aMadrid :
_b[s.n.],
_c1918.
300 _a223 p. ;
_c23 cm.
852 _aES-MaACL
_jB-3486
999 _c102372
_d102372